ბათუმის შოთა რუსთაველის სახელმწიფო უნივერსიტეტის ბიბლიოთეკა

თხზულებანი : 2 ტომად.ტ. 1. (ბიბ.ჩანაწერი № 48968)

000 -LEADER
fixed length control field 01103nam a2200217Ia 4500
001 - CONTROL NUMBER
control field 15871
003 - CONTROL NUMBER IDENTIFIER
control field GE_BSU
008 - FIXED-LENGTH DATA ELEMENTS--GENERAL INFORMATION
fixed length control field 181216s||||||||xx |||||||||||||| ||und||
040 ## - CATALOGING SOURCE
Transcribing agency GE_BSU
080 ## - UNIVERSAL DECIMAL CLASSIFICATION NUMBER
Universal Decimal Classification number 821.353.1 + 821.353.1(092 ჭავჭავაძე, ი. )
100 ## - MAIN ENTRY--PERSONAL NAME
Personal name ჭავჭავაძე, ი. (ილია, 1837-1907)
245 ## - TITLE STATEMENT
Title თხზულებანი : 2 ტომად.ტ. 1.
245 ## - TITLE STATEMENT
Remainder of title ლექსები, პოემები, თარგმნილი ლექსები, მოთხრობები, სცენები, პიესა
245 ## - TITLE STATEMENT
Statement of responsibility, etc. შემდგ.: ნ. ალანია. რედ. ი.არაბული. მხ. ი.დივნაგორცევა
260 ## - PUBLICATION, DISTRIBUTION, ETC.
Place of publication, distribution, etc. თბილისი
260 ## - PUBLICATION, DISTRIBUTION, ETC.
Name of publisher, distributor, etc. საბჭ. საქართველო
260 ## - PUBLICATION, DISTRIBUTION, ETC.
Date of publication, distribution, etc. 1977
300 ## - PHYSICAL DESCRIPTION
Extent 611 გვ. : 1 ფ. პორტრ
653 ## - INDEX TERM--UNCONTROLLED
Uncontrolled term ლექსები, პოემები, თარგმნილი ლექსები, მოთხრობები, სცენები, პიესა
942 ## - ADDED ENTRY ELEMENTS (KOHA)
Koha item type წიგნი
ეგზემპლარები
Withdrawn status Lost status Damaged status Not for loan Date acquired Barcode Date last seen Price effective from Koha item type
        2018-12-17 39066 2018-12-17 2018-12-17 წიგნი